000 00285nam a22001217a 4500
003 OSt
008 250207b |||||||| |||| 00| 0 eng d
041 _aeng
100 _aLakshmi Narayanan, V
_97106
245 _aText Book of Machine Drawing
700 _aMathur, ML
_97084
942 _cBK
999 _c19338
_d19338